000 00399nam a2200145Ia 4500
008 231129s2008||||xx |||||||||||||| ||spa||
020 _a978-958-16-5418-4
040 _bspa
082 _a(i) 839.313 V982f
100 _aVries Anke de
245 0 _aFeliz cumpleaños Vivi
260 _c2008
264 _aMéxico : Fondo de Cultura Económica
942 _2ddc
_cBKS
999 _c13909
_d13909